Cestná daň v roku 2002

Daňovník cestnej dane. Cestná daň ako daňový náklad. Predmet cestnej dane. Podmienky zdanenia. Vznik daňovej povinnosti. Zánik daňovej povinnosti. Výrub a platenie cestnej dane. Penále a úrok. Využitie prostriedkov z cestnej dane.

Salvato in:
Dettagli Bibliografici
Autore principale: Korošová, Anna
Natura: Capitolo di libro
Lingua:slovacco
Soggetti:
Tags: Aggiungi Tag
Nessun Tag, puoi essere il primo ad aggiungerne!!

MARC

LEADER 00000naa a2200000 4500
001 r044353
005 20231003085341.7
041 0 |a slo 
044 |a SK 
245 1 0 |a Cestná daň v roku 2002  |c Anna Korošová 
520 |a Daňovník cestnej dane. Cestná daň ako daňový náklad. Predmet cestnej dane. Podmienky zdanenia. Vznik daňovej povinnosti. Zánik daňovej povinnosti. Výrub a platenie cestnej dane. Penále a úrok. Využitie prostriedkov z cestnej dane. 
610 2 0 |a dane cestné 
610 2 0 |a povinnosť daňová 
610 2 0 |a 2002 
610 2 0 |a daňovníci 
610 2 0 |a náklady daňové 
610 2 0 |a penále 
100 1 |a Korošová, Anna